MLB Players with 30+ Home Runs in 2022 - Statistics

General Stats
  • This quiz has been taken 137 times
  • The average score is 18 of 23
Answer Stats
Team Home
Runs
Answer % Correct
NYY 62 Aaron Judge
100%
LAA 40 Mike Trout
98%
NYM 40 Pete Alonso
98%
PHI 46 Kyle Schwarber
95%
STL 35 Paul Goldschmidt
92%
HOU 37 Yordan Alvarez
92%
LAD 35 Mookie Betts
91%
SD 32 Manny Machado
88%
LAA 34 Shohei Ohtani
88%
ATL 38 Austin Riley
86%
TEX 33 Corey Seager
85%
NYY 31 Giancarlo Stanton
85%
TOR 32 Vladimir Guerrero
84%
STL 30 Nolan Arenado
83%
ATL 34 Matt Olson
82%
NYY 32 Anthony Rizzo
72%
HOU 30 Kyle Tucker
72%
ARI 36 Christian Walker
63%
PHI 30 Rhys Hoskins
60%
BAL 33 Anthony Santander
57%
MIL 31 Willy Adames
55%
SEA 31 Eugenio Suarez
52%
MIL 35 Rowdy Tellez
50%
No matching quizzes found
Score Distribution
Percent of People with Each Score
Percentile by Number Answered
Your Score History
You have not taken this quiz